000
00320nam a2200109Ia 4500
008
200302s9999 xx 000 0 und d
100
_a
Concil of Architecture
245
_a
Archiving 10 Architectural Thesis 06, 07, 08
260
_b
National Institute for Advanced Studies in Architect
260
_c
2011
300
_a
158 P.,
999
_c
3054
_d
3054